000 00274nam a2200109 4500
082 _a954.91MUS
100 _aBareecho, Mushtaque Masroor
245 _aMutalae- Pakistan (Pak Study in Urdu)
260 _aHyderabad:
_bNaseem Book Depot,
_c2002.
300 _a335p. ;
942 _cBK
999 _c5535
_d5535